| 000 | 00367nam a22001577a 4500 | ||
|---|---|---|---|
| 003 | SGT | ||
| 020 | _a978-81-312-3515-7 | ||
| 082 |
_a617.525 _bC16H |
||
| 100 | _aHUPP,JAMES.R | ||
| 245 | _aCONTEMPORARY ORAL AND MAXILLOFACIAL SURGERY | ||
| 250 | _a6TH | ||
| 260 |
_aST.LOUIS,MISSOURI _bELSEVIER _c2014 |
||
| 300 | _a703 | ||
| 650 | _aORAL SURGERY | ||
| 942 |
_2ddc _cBK |
||
| 999 |
_c10644 _d10644 |
||